000 00535nam a22001577a 4500
003 OSt
005 20150930090406.0
008 150930b xxu||||| |||| 00| 0 eng d
040 _cRUA
082 _aAGR LOE 2002 B061 Or.1
100 _91580
_aLOEK SOTHEA
245 _aL'efficacite et la possibilite de l'utilisation des feuilles de leucaena leucocephala dans l'aliment concentre pour les poulets de chair a l'universite royale d'agriculture,
260 _aphnom penh
_bRUA
_c2002
300 _a41p.
_bill.
_c29cm.
942 _2ddc
_cAGR
999 _c1491
_d1491